[Event "Charlotte Spring GM"]
[Site "Charlotte USA"]
[Date "2023.03.16"]
[Round "2.3"]
[White "Samsonkin, Artiom"]
[Black "Kunka, Harshid"]
[Result "1-0"]
[WhiteElo "2425"]
[BlackElo "2372"]
[PlyCount "115"]
[EventDate "2023.03.14"]
[EventType "tourn"]
[EventRounds "9"]
[EventCountry "USA"]
[EventCategory "6"]
[Source "ChessMix"]
[SourceDate "2023.03.20"]

1. e4 c6 2. Nc3 d5 3. Nf3 dxe4 4. Nxe4 Nf6 5. Qe2 Bf5 6. Nxf6+ gxf6 7. d3 Nd7
8. g3 Ne5 9. Nxe5 Qa5+ 10. Bd2 Qxe5 11. Bc3 Qd6 12. Bg2 O-O-O 13. O-O h5 14. h4
Bg7 15. b4 Qe6 16. Qd1 Bg4 17. Qc1 Bh6 18. Qa3 Kb8 19. b5 cxb5 20. Rfe1 Qa6 21.
Qxa6 bxa6 22. Rxe7 Rd7 23. Rae1 Rc8 24. Bxf6 Rxc2 25. Rxd7 Bxd7 26. Re7 Be6 27.
Be5+ Kc8 28. Bb7+ Kd8 29. Bf6 Rc1+ 30. Kh2 Bxa2 31. Rxf7+ Ke8 32. Rh7 Bd2 33.
Re7+ Kf8 34. Be4 Bc3 35. Bg5 Rc2 36. Rxa7 Rxf2+ 37. Kh1 b4 38. Rxa6 Bf7 39.
Bh6+ Ke7 40. Be3 Ra2 41. Rb6 Ra1+ 42. Kg2 Ra2+ 43. Kf3 Be6 44. Bc5+ Kf7 45.
Rb7+ Kg8 46. Bxb4 Be5 47. Ke3 Rb2 48. Rb5 Bxg3 49. Rg5+ Kf7 50. Bg6+ Kg8 51.
Bxh5+ Kh7 52. Bg6+ Kg8 53. Bh5+ Kh7 54. Bg6+ Kg8 55. Bf5+ Kf7 56. Bxe6+ Kxe6
57. Rxg3 Rxb4 58. Rh3 1-0

[Event "Charlotte Spring GM"]
[Site "Charlotte USA"]
[Date "2023.03.16"]
[Round "3.4"]
[White "Lima, Darcy"]
[Black "Samsonkin, Artiom"]
[Result "1/2-1/2"]
[WhiteElo "2435"]
[BlackElo "2425"]
[PlyCount "43"]
[EventDate "2023.03.14"]
[EventType "tourn"]
[EventRounds "9"]
[EventCountry "USA"]
[EventCategory "6"]
[Source "ChessMix"]
[SourceDate "2023.03.20"]

1. d4 Nf6 2. c4 e6 3. Nf3 Bb4+ 4. Bd2 Qe7 5. g3 Nc6 6. Nc3 Bxc3 7. Bxc3 Ne4 8.
Rc1 O-O 9. Bg2 d6 10. O-O e5 11. d5 Nd8 12. Nd2 Nxc3 13. Rxc3 f5 14. c5 Nf7 15.
Qb3 b6 16. cxd6 cxd6 17. Qa3 Bd7 18. Rc7 Rfc8 19. Rfc1 Qd8 20. Rf1 Qe7 21. Rc3
Rf8 22. Nb1 1/2-1/2

[Event "Charlotte Spring GM"]
[Site "Charlotte USA"]
[Date "2023.03.17"]
[Round "4.2"]
[White "Samsonkin, Artiom"]
[Black "Hardaway, Brewington"]
[Result "1/2-1/2"]
[WhiteElo "2425"]
[BlackElo "2394"]
[PlyCount "74"]
[EventDate "2023.03.14"]
[EventType "tourn"]
[EventRounds "9"]
[EventCountry "USA"]
[EventCategory "6"]
[Source "ChessMix"]
[SourceDate "2023.03.20"]

1. d4 d5 2. Bf4 c5 3. e4 dxe4 4. d5 Nf6 5. Nc3 g6 6. Qd2 Bg7 7. O-O-O O-O 8.
Bh6 a6 9. Bxg7 Kxg7 10. Nge2 b5 11. Ng3 Bb7 12. Qg5 Nbd7 13. Ncxe4 Nxe4 14.
Nxe4 f5 15. Nc3 e5 16. Qe3 c4 17. h4 Qb6 18. Qg3 Rac8 19. h5 Qf6 20. hxg6 hxg6
21. Qe3 Nc5 22. f4 Rfe8 23. d6 exf4 24. Qxf4 Rcd8 25. a4 Ne4 26. d7 Re6 27.
Nxe4 Bxe4 28. Rh3 Bc6 29. Qh2 Kg8 30. Qc7 Qe7 31. Qh2 Qf6 32. Qc7 Qe7 33. Qh2
Qf6 34. axb5 axb5 35. Qc7 Qe7 36. Qh2 Qf6 37. Qc7 Qe7 1/2-1/2

[Event "Charlotte Spring GM"]
[Site "Charlotte USA"]
[Date "2023.03.18"]
[Round "5.5"]
[White "Brodsky, David"]
[Black "Samsonkin, Artiom"]
[Result "1-0"]
[WhiteElo "2486"]
[BlackElo "2425"]
[PlyCount "77"]
[EventDate "2023.03.14"]
[EventType "tourn"]
[EventRounds "9"]
[EventCountry "USA"]
[EventCategory "6"]
[Source "ChessMix"]
[SourceDate "2023.03.20"]

1. e4 c6 2. d4 d5 3. e5 Bf5 4. Nf3 e6 5. Be2 Nd7 6. O-O h6 7. c3 Ne7 8. Na3 Bh7
9. Nc2 a6 10. b4 Ng6 11. Nfe1 Be7 12. f4 O-O 13. g4 Nh4 14. Bd3 Bxd3 15. Nxd3
f5 16. Kh1 Qe8 17. g5 Qg6 18. Qe2 Rf7 19. Rg1 Raf8 20. gxh6 Qxh6 21. Be3 Qh7
22. Bf2 g5 23. fxg5 f4 24. Bxh4 Qxh4 25. Qg4 Rh7 26. Qxh4 Rxh4 27. Raf1 Rf5 28.
Nce1 Nf8 29. g6 Kg7 30. Ng2 Rxh2+ 31. Kxh2 Rh5+ 32. Nh4 Rxh4+ 33. Kg2 Nxg6 34.
Kf3 Kh6 35. Nf2 Kh5 36. Rg2 Nh8 37. Rg7 Ng6 38. Rh7+ Kg5 39. Rg1+ 1-0

[Event "Charlotte Spring GM"]
[Site "Charlotte USA"]
[Date "2023.03.18"]
[Round "6.1"]
[White "Samsonkin, Artiom"]
[Black "Belenkaya, Dina"]
[Result "1-0"]
[WhiteElo "2425"]
[BlackElo "2300"]
[PlyCount "71"]
[EventDate "2023.03.14"]
[EventType "tourn"]
[EventRounds "9"]
[EventCountry "USA"]
[EventCategory "6"]
[Source "ChessMix"]
[SourceDate "2023.03.20"]

1. e4 c6 2. Nc3 d5 3. Nf3 dxe4 4. Nxe4 Nf6 5. Qe2 Bf5 6. Nxf6+ gxf6 7. d3 c5 8.
g3 Nc6 9. Bg2 Qd7 10. Be3 e6 11. O-O Bg4 12. h3 Bh5 13. Qd2 Be7 14. Rfe1 Rg8
15. a3 Rd8 16. b4 Nd4 17. Nxd4 cxd4 18. Bf4 Bg6 19. c3 e5 20. Bh6 dxc3 21. Qxc3
Bf5 22. Kh2 Be6 23. Rad1 Bd6 24. d4 exd4 25. Qf3 Qc7 26. Qxf6 Rg6 27. Qh4 Be7
28. Qh5 Qd7 29. Bf4 Bf6 30. Be4 Rg8 31. Rc1 d3 32. Bxd3 Qxd3 33. Rxe6+ Be7 34.
Rxe7+ Kxe7 35. Qe5+ Kf8 36. Bh6+ 1-0

[Event "Charlotte Spring GM"]
[Site "Charlotte USA"]
[Date "2023.03.18"]
[Round "7.5"]
[White "Ippolito, Dean"]
[Black "Samsonkin, Artiom"]
[Result "1/2-1/2"]
[WhiteElo "2368"]
[BlackElo "2425"]
[PlyCount "43"]
[EventDate "2023.03.14"]
[EventType "tourn"]
[EventRounds "9"]
[EventCountry "USA"]
[EventCategory "6"]
[Source "ChessMix"]
[SourceDate "2023.03.20"]

1. d4 Nf6 2. c4 e6 3. Nc3 Bb4 4. Qc2 O-O 5. e4 d5 6. e5 Ne4 7. Bd3 c5 8. Nf3
cxd4 9. Nxd4 Nd7 10. Bf4 Ndc5 11. O-O Bxc3 12. bxc3 Nxd3 13. Qxd3 b6 14. cxd5
Qxd5 15. c4 Nc5 16. Qc3 Qe4 17. Bg3 Qd3 18. Qxd3 Nxd3 19. Nb5 Bd7 20. Nd6 Ba4
21. f4 f6 22. Rf3 1/2-1/2

[Event "Charlotte Spring GM"]
[Site "Charlotte USA"]
[Date "2023.03.19"]
[Round "8.2"]
[White "Samsonkin, Artiom"]
[Black "Gauri, Shankar"]
[Result "1/2-1/2"]
[WhiteElo "2425"]
[BlackElo "2322"]
[PlyCount "78"]
[EventDate "2023.03.14"]
[EventType "tourn"]
[EventRounds "9"]
[EventCountry "USA"]
[EventCategory "6"]
[Source "ChessMix"]
[SourceDate "2023.03.20"]

1. e4 e5 2. Nf3 Nc6 3. Nc3 Nf6 4. Bb5 Bb4 5. O-O O-O 6. Bxc6 dxc6 7. d3 Bd6 8.
Ne2 a5 9. a4 b6 10. Ng3 c5 11. h3 Nd7 12. Nd2 Nb8 13. Nc4 Nc6 14. c3 Be6 15.
Qe2 Qd7 16. Qf3 Ne7 17. Ne3 f6 18. Nef5 Kh8 19. Be3 Rad8 20. Rfd1 Nxf5 21. Nxf5
Bb3 22. Rd2 Bxa4 23. Nxd6 cxd6 24. d4 Qc6 25. Qe2 Bb3 26. f3 a4 27. Bf2 Rfe8
28. dxe5 dxe5 29. Be3 Rd7 30. Rxd7 Qxd7 31. Re1 Rd8 32. f4 exf4 33. Bxf4 Re8
34. e5 fxe5 35. Bxe5 Kg8 36. Qf2 Qf7 37. Qg3 Bd5 38. Rf1 Qe7 39. Rf5 h6 1/2-1/2

[Event "Charlotte Spring GM"]
[Site "Charlotte USA"]
[Date "2023.03.19"]
[Round "9.4"]
[White "Ngo, Bach"]
[Black "Samsonkin, Artiom"]
[Result "1/2-1/2"]
[WhiteElo "2309"]
[BlackElo "2425"]
[PlyCount "58"]
[EventDate "2023.03.14"]
[EventType "tourn"]
[EventRounds "9"]
[EventCountry "USA"]
[EventCategory "6"]
[Source "ChessMix"]
[SourceDate "2023.03.20"]

1. d4 Nf6 2. Nf3 e6 3. c4 Bb4+ 4. Bd2 Qe7 5. g3 Nc6 6. Nc3 Bxc3 7. Bxc3 Ne4 8.
Rc1 O-O 9. Bg2 d6 10. d5 Nd8 11. O-O e5 12. c5 f5 13. cxd6 cxd6 14. Nd2 Nxc3
15. Rxc3 Nf7 16. Qb3 b6 17. Rfc1 Bd7 18. Qa3 Rfc8 19. Nc4 h6 20. Qa6 Qd8 21.
Na3 Rc5 22. b4 Rxc3 23. Rxc3 Rc8 24. Rxc8 Qxc8 25. Qxa7 f4 26. h4 g5 27. hxg5
hxg5 28. gxf4 gxf4 29. Nc4 b5 1/2-1/2

[Event "Titled Tuesday 2023.02.21 Late"]
[Site "chess.com INT"]
[Date "2023.02.21"]
[Round "3"]
[White "Samsonkin, Artiom"]
[Black "Martinez Reyes, P."]
[Result "1-0"]
[WhiteElo "2425"]
[BlackElo "2384"]
[PlyCount "173"]
[EventDate "2023.02.21"]
[EventType "swiss (blitz)"]
[EventRounds "11"]
[EventCountry "NET"]
[Source "Mark Crowther"]
[SourceDate "2023.02.27"]

1. e4 e6 2. d4 d5 3. Nc3 Nf6 4. Bg5 h6 5. Bxf6 Qxf6 6. exd5 Bb4 7. Bc4 exd5 8.
Bxd5 O-O 9. Nge2 Rd8 10. O-O Nc6 11. Bxc6 Qxc6 12. a3 Be7 13. Qd2 Bf5 14. Rad1
Bf6 15. d5 Qb6 16. Nd4 Bg4 17. f3 Bh5 18. Kh1 Qxb2 19. Rb1 Qxa3 20. Ne4 Be5 21.
c4 c6 22. f4 Bxd4 23. Qxd4 b5 24. d6 bxc4 25. Qxc4 Rxd6 26. Ra1 Qd3 27. Nxd6
Qxd6 28. f5 Qd5 29. Qf4 Be2 30. Rfe1 Bb5 31. f6 gxf6 32. Qxf6 Qg5 33. Qf2 a5
34. Re3 Kf8 35. Rg3 Qe5 36. Re1 Qd6 37. Rf3 Bc4 38. Rf4 Bd5 39. Rf6 Qb4 40.
Rxh6 Re8 41. Rh8+ Kg7 42. Rhxe8 Qg4 43. Qg3 Qxg3 44. hxg3 a4 45. R8e5 Bb3 46.
Rg5+ Kf6 47. Rc5 Bd5 48. Ra1 Bb3 49. Rxc6+ Ke5 50. Rb6 f5 51. Rxb3 axb3 52. Rb1
Kd4 53. Rxb3 f4 54. Rf3 Ke4 55. Rxf4+ Ke3 56. Kh2 Ke2 57. Kh3 Ke1 58. Kg4 Ke2
59. Kf5 Ke1 60. g4 Ke2 61. g5 Ke1 62. g6 Ke2 63. g7 Ke1 64. g8=Q Ke2 65. Qe6+
Kd1 66. Rd4+ Kc1 67. Rd7 Kb1 68. Qe8 Ka1 69. Qc8 Ka2 70. Rb7 Ka3 71. Qc3+ Ka2
72. Qc2+ Ka1 73. Qc1+ Ka2 74. Ra7+ Kb3 75. Qb1+ Kc4 76. Rc7+ Kd4 77. Qd1+ Ke3
78. Re7+ Kf2 79. Qf3+ Kg1 80. Re1+ Kh2 81. Qf4+ Kxg2 82. Re2+ Kg1 83. Qf2+ Kh1
84. Qh4+ Kg1 85. Qh2+ Kf1 86. Rf2+ Ke1 87. Qg1# 1-0

[Event "Titled Tuesday 2023.02.21 Late"]
[Site "chess.com INT"]
[Date "2023.02.21"]
[Round "11"]
[White "Samsonkin, Artiom"]
[Black "Anton Guijarro, D."]
[Result "1-0"]
[WhiteElo "2425"]
[BlackElo "2679"]
[PlyCount "77"]
[EventDate "2023.02.21"]
[EventType "swiss (blitz)"]
[EventRounds "11"]
[EventCountry "NET"]
[Source "Mark Crowther"]
[SourceDate "2023.02.27"]

1. e4 c6 2. d4 d5 3. e5 Bf5 4. h4 h5 5. Bd3 Bxd3 6. Qxd3 Qa5+ 7. Nc3 e6 8. Bg5
Be7 9. Nf3 Nd7 10. O-O Nh6 11. Ne2 Qb5 12. Qd2 a5 13. Ng3 Ng8 14. b3 a4 15. c4
Qb4 16. Qe2 g6 17. cxd5 cxd5 18. Rac1 axb3 19. axb3 Qb6 20. Qe3 Rd8 21. Bxe7
Kxe7 22. Ng5 Nh6 23. Rc3 Rc8 24. Rxc8 Rxc8 25. Nh7 Ng4 26. Qg5+ Ke8 27. Nxh5
gxh5 28. Qg8+ Ke7 29. Qxc8 Qxd4 30. Qxb7 Ngxe5 31. Qc7 Qxh4 32. Re1 Qf4 33. Qc2
Ng4 34. g3 Qh6 35. Ra1 h4 36. Ra7 hxg3 37. Qc5+ Kd8 38. Ra8+ Nb8 39. Qd6+ 1-0

[Event "Titled Tuesday 2022.12.27 Late"]
[Site "chess.com INT"]
[Date "2022.12.27"]
[Round "5"]
[White "Antonica, Dragos-Andrei"]
[Black "Samsonkin, Artiom"]
[Result "1-0"]
[WhiteElo "2366"]
[BlackElo "2426"]
[PlyCount "77"]
[EventDate "2022.12.27"]
[EventType "swiss (blitz)"]
[EventRounds "11"]
[EventCountry "NET"]
[Source "Mark Crowther"]
[SourceDate "2023.01.02"]

1. d4 Nf6 2. Nf3 e6 3. c4 Bb4+ 4. Nbd2 O-O 5. Qc2 a5 6. a3 Bxd2+ 7. Bxd2 d6 8.
e3 a4 9. Bd3 Qe7 10. Bc3 Nbd7 11. O-O e5 12. Nd2 b6 13. Rae1 Bb7 14. f4 Rfe8
15. fxe5 dxe5 16. d5 Nc5 17. Bf5 Bc8 18. Bxc8 Raxc8 19. Rf5 Nfd7 20. Ref1 f6
21. Rh5 g6 22. Rh3 Nb7 23. Qxa4 Nd6 24. Bb4 Nc5 25. Qc6 Nd3 26. Bc3 f5 27. b4
e4 28. Nb3 Ne5 29. Bxe5 Qxe5 30. Nd4 Re7 31. c5 bxc5 32. bxc5 Nc4 33. d6 Rf7
34. Qb7 Rd8 35. Qb3 Nd2 36. Qe6 Qxc5 37. Rxh7 Rdf8 38. Qxg6+ Rg7 39. Qxg7# 1-0

[Event "chess.com SpeedChess Q2Sw"]
[Site "chess.com INT"]
[Date "2022.11.12"]
[Round "1"]
[White "Molenda, Marcin"]
[Black "Samsonkin, Artiom"]
[Result "0-1"]
[WhiteElo "2381"]
[BlackElo "2421"]
[PlyCount "64"]
[EventDate "2022.11.12"]
[EventType "swiss (blitz)"]
[EventRounds "14"]
[EventCountry "NET"]
[Source "Mark Crowther"]
[SourceDate "2022.11.14"]

1. d4 Nf6 2. c4 e6 3. Nf3 Bb4+ 4. Bd2 Qe7 5. g3 Nc6 6. Bg2 Bxd2+ 7. Qxd2 Ne4 8.
Qc2 Qb4+ 9. Kf1 f5 10. a3 Qe7 11. Nc3 Nxc3 12. Qxc3 O-O 13. Ne1 d6 14. Nd3 Kh8
15. h4 e5 16. dxe5 Nxe5 17. Nf4 c6 18. h5 Kg8 19. Rd1 b6 20. h6 g6 21. Kg1 Bb7
22. b3 Rad8 23. e3 Qf6 24. Kf1 Ba6 25. Ne2 Kh8 26. Kg1 d5 27. Rh4 dxc4 28. Rxd8
Rxd8 29. bxc4 Rd1+ 30. Kh2 c5 31. Nf4 Ng4+ 32. Rxg4 Qxc3 0-1

[Event "chess.com SpeedChess Q2Sw"]
[Site "chess.com INT"]
[Date "2022.11.12"]
[Round "2"]
[White "Samsonkin, Artiom"]
[Black "Eynullayev, Atilla"]
[Result "1-0"]
[WhiteElo "2421"]
[BlackElo "2281"]
[PlyCount "57"]
[EventDate "2022.11.12"]
[EventType "swiss (blitz)"]
[EventRounds "14"]
[EventCountry "NET"]
[Source "Mark Crowther"]
[SourceDate "2022.11.14"]

1. e4 c5 2. Nf3 d6 3. d4 cxd4 4. Qxd4 Nf6 5. Nc3 Nc6 6. Bb5 Bd7 7. Bxc6 Bxc6 8.
Bg5 e6 9. O-O-O Be7 10. Rhe1 Qa5 11. Kb1 h6 12. Bh4 O-O 13. Qd2 b5 14. Nd5 Qd8
15. Nxe7+ Qxe7 16. Nd4 Bd7 17. f4 g5 18. fxg5 Nh7 19. Nf3 hxg5 20. Nxg5 Nxg5
21. Bxg5 f6 22. Bh6 Rfd8 23. Re3 Kf7 24. Rf1 Rg8 25. Ref3 Rg6 26. Bg5 Kg8 27.
Rxf6 Qg7 28. Rxg6 Qxg6 29. Qxd6 1-0

[Event "chess.com SpeedChess Q2Sw"]
[Site "chess.com INT"]
[Date "2022.11.12"]
[Round "3"]
[White "Deac, Bogdan-Daniel"]
[Black "Samsonkin, Artiom"]
[Result "1-0"]
[WhiteElo "2700"]
[BlackElo "2421"]
[PlyCount "67"]
[EventDate "2022.11.12"]
[EventType "swiss (blitz)"]
[EventRounds "14"]
[EventCountry "NET"]
[Source "Mark Crowther"]
[SourceDate "2022.11.14"]

1. Nf3 Nf6 2. c4 e6 3. g3 d5 4. Bg2 Be7 5. d4 O-O 6. Qd3 dxc4 7. Qxc4 a6 8. Bf4
Nd5 9. Nc3 b5 10. Qd3 Bb7 11. Nxd5 Bxd5 12. Rc1 Ra7 13. O-O Nd7 14. b3 c5 15.
e4 Ba8 16. Rfd1 Nf6 17. e5 Ne4 18. Ne1 Qxd4 19. Qc2 Qb4 20. a3 Qxa3 21. Bxe4
Bxe4 22. Qxe4 Qxb3 23. Qc6 c4 24. Ra1 Bb4 25. Rdb1 Qc3 26. Rxa6 Rxa6 27. Qxa6
Rb8 28. Qa7 Rd8 29. Qb6 Rd5 30. Kg2 h5 31. Nf3 Bc5 32. Qb8+ Kh7 33. Ng5+ Kg6
34. Qe8 1-0

[Event "chess.com SpeedChess Q2Sw"]
[Site "chess.com INT"]
[Date "2022.11.12"]
[Round "4"]
[White "Musovic, A."]
[Black "Samsonkin, Artiom"]
[Result "1-0"]
[WhiteElo "2276"]
[BlackElo "2421"]
[PlyCount "57"]
[EventDate "2022.11.12"]
[EventType "swiss (blitz)"]
[EventRounds "14"]
[EventCountry "NET"]
[Source "Mark Crowther"]
[SourceDate "2022.11.14"]

1. a3 e5 2. Nc3 d5 3. d4 exd4 4. Qxd4 Nf6 5. e4 Nc6 6. Bb5 a6 7. Bxc6+ bxc6 8.
Nf3 Be7 9. e5 Nd7 10. O-O O-O 11. h4 f6 12. exf6 Bxf6 13. Qa4 Bb7 14. Re1 Nb6
15. Qg4 c5 16. Bg5 Nc4 17. b3 Nd6 18. Qe6+ Kh8 19. Nxd5 Bxg5 20. Nxg5 h6 21.
Ne7 hxg5 22. hxg5 Nf5 23. Re3 Bxg2 24. Ng6+ Kh7 25. Nxf8+ Qxf8 26. g6+ Kh6 27.
Re5 Bh3 28. Qc6 Rd8 29. Qh1 1-0

[Event "chess.com SpeedChess Q2Sw"]
[Site "chess.com INT"]
[Date "2022.11.12"]
[Round "5"]
[White "Samsonkin, Artiom"]
[Black "Postnikov, D."]
[Result "1-0"]
[WhiteElo "2421"]
[BlackElo "2360"]
[PlyCount "93"]
[EventDate "2022.11.12"]
[EventType "swiss (blitz)"]
[EventRounds "14"]
[EventCountry "NET"]
[Source "Mark Crowther"]
[SourceDate "2022.11.14"]

1. e4 e6 2. d4 d5 3. Nc3 Bb4 4. Nge2 dxe4 5. a3 Be7 6. Nxe4 Nf6 7. Nxf6+ Bxf6
8. Be3 Nd7 9. Qd2 b6 10. O-O-O Bb7 11. Nf4 Qe7 12. Be2 O-O-O 13. Bf3 Bxf3 14.
gxf3 Kb8 15. Qe2 Qd6 16. Kb1 Rhe8 17. c4 e5 18. c5 Qe7 19. Nd5 Qe6 20. dxe5
Nxe5 21. Nb4 Rxd1+ 22. Rxd1 Qc4 23. Qd2 Rd8 24. Qe1 Rxd1+ 25. Qxd1 Kb7 26. f4
Nc6 27. Qf3 Qb5 28. cxb6 axb6 29. Bc1 g6 30. h3 Bg7 31. Ka1 Qa4 32. Kb1 Qb5 33.
h4 h5 34. Bd2 Bf6 35. Bc3 Bxc3 36. bxc3 Qc4 37. Kb2 Qc5 38. f5 b5 39. fxg6 fxg6
40. Qf6 Ne5 41. Qa6+ Kb8 42. f4 Nc4+ 43. Kb3 Nb6 44. Kc2 Qc4 45. a4 Qb3+ 46.
Kd3 Qxa4 47. Nc6# 1-0

[Event "chess.com SpeedChess Q2Sw"]
[Site "chess.com INT"]
[Date "2022.11.12"]
[Round "6"]
[White "Kleiman, J."]
[Black "Samsonkin, Artiom"]
[Result "0-1"]
[WhiteElo "2399"]
[BlackElo "2421"]
[PlyCount "58"]
[EventDate "2022.11.12"]
[EventType "swiss (blitz)"]
[EventRounds "14"]
[EventCountry "NET"]
[Source "Mark Crowther"]
[SourceDate "2022.11.14"]

1. e4 c5 2. c3 e6 3. d4 d5 4. exd5 exd5 5. Nf3 Nc6 6. Bb5 Bd6 7. dxc5 Bxc5 8.
O-O Nge7 9. Nbd2 O-O 10. Nb3 Bb6 11. Bd3 Nf5 12. Re1 h6 13. Bf4 Qf6 14. Qd2 Be6
15. Rad1 Rfe8 16. Ne5 g5 17. Nxc6 gxf4 18. Bxf5 Bxf5 19. Ncd4 Bg4 20. Rxe8+
Rxe8 21. Re1 Rxe1+ 22. Qxe1 f3 23. g3 a5 24. Qe3 Qg6 25. h3 Qb1+ 26. Kh2 Qf1
27. Qe8+ Kg7 28. Qe5+ Kh7 29. Nxf3 Qxf2+ 0-1

[Event "chess.com SpeedChess Q2Sw"]
[Site "chess.com INT"]
[Date "2022.11.12"]
[Round "7"]
[White "Samsonkin, Artiom"]
[Black "Vokhidov, Shamsiddin"]
[Result "0-1"]
[WhiteElo "2421"]
[BlackElo "2568"]
[PlyCount "86"]
[EventDate "2022.11.12"]
[EventType "swiss (blitz)"]
[EventRounds "14"]
[EventCountry "NET"]
[Source "Mark Crowther"]
[SourceDate "2022.11.14"]

1. e4 c5 2. Nf3 d6 3. d4 cxd4 4. Qxd4 Nf6 5. Be2 Nc6 6. Qe3 g6 7. O-O Bg7 8. c4
Bg4 9. Nc3 Nd7 10. Rb1 Qb6 11. Qd2 O-O 12. Nd5 Qd8 13. b3 Nc5 14. Qe3 e6 15.
Nc3 f5 16. Bb2 fxe4 17. Ng5 Bd4 18. Qc1 Bxe2 19. Nxe2 Nd3 20. Qd2 Bxb2 21. Rxb2
Nxb2 22. Nxe4 d5 23. N4g3 Qf6 24. Nc3 Nxc4 25. bxc4 dxc4 26. Nce4 Qd4 27. Qh6
Qg7 28. Qc1 b5 29. h4 Rad8 30. h5 Nd4 31. h6 Qe5 32. Qe3 Nf5 33. Qxa7 Nxh6 34.
Re1 Qd4 35. Qa6 Rde8 36. Qxb5 Ng4 37. Rf1 c3 38. Qg5 Nf6 39. Nxf6+ Qxf6 40. Qe3
c2 41. Rc1 Rc8 42. Ne4 Qe5 43. f3 Rfd8 0-1

[Event "chess.com SpeedChess Q2Sw"]
[Site "chess.com INT"]
[Date "2022.11.12"]
[Round "8"]
[White "Barria Zuniga, D."]
[Black "Samsonkin, Artiom"]
[Result "0-1"]
[WhiteElo "2341"]
[BlackElo "2421"]
[PlyCount "86"]
[EventDate "2022.11.12"]
[EventType "swiss (blitz)"]
[EventRounds "14"]
[EventCountry "NET"]
[Source "Mark Crowther"]
[SourceDate "2022.11.14"]

1. c4 e5 2. g3 c6 3. Bg2 d5 4. cxd5 cxd5 5. d4 e4 6. Nh3 Nf6 7. O-O h6 8. Nc3
Nc6 9. Bf4 Bd6 10. Bxd6 Qxd6 11. e3 O-O 12. f3 exf3 13. Qxf3 Ne7 14. Nf4 Bg4
15. Qf2 Qd7 16. h3 Be6 17. g4 a6 18. Rad1 b5 19. e4 b4 20. exd5 Nfxd5 21. Ncxd5
Nxd5 22. Bxd5 Bxd5 23. Qg3 f6 24. Rc1 Bxa2 25. d5 Bxd5 26. Rfd1 Qa7+ 27. Kh2
Bf7 28. Rc6 Rad8 29. Rcd6 Rxd6 30. Rxd6 Re8 31. h4 a5 32. g5 fxg5 33. hxg5 hxg5
34. Qxg5 Qf2+ 35. Ng2 Qxb2 36. Kg3 Qc3+ 37. Kh2 Qe5+ 38. Qxe5 Rxe5 39. Ra6 b3
40. Rb6 a4 41. Nf4 a3 42. Kg3 a2 43. Ra6 b2 0-1

[Event "chess.com SpeedChess Q2Sw"]
[Site "chess.com INT"]
[Date "2022.11.12"]
[Round "9"]
[White "Samsonkin, Artiom"]
[Black "Kovalenko, I."]
[Result "1-0"]
[WhiteElo "2421"]
[BlackElo "2674"]
[PlyCount "43"]
[EventDate "2022.11.12"]
[EventType "swiss (blitz)"]
[EventRounds "14"]
[EventCountry "NET"]
[Source "Mark Crowther"]
[SourceDate "2022.11.14"]

1. e4 c5 2. Nf3 e6 3. Nc3 a6 4. d4 cxd4 5. Nxd4 b5 6. Bd3 Bb7 7. O-O Nc6 8.
Nxc6 Bxc6 9. Re1 Qb8 10. a4 bxa4 11. Nxa4 Bd6 12. h3 Nf6 13. Be3 Bc7 14. Nc5
Qxb2 15. Nxa6 Bd6 16. Bf1 Be5 17. Rb1 Qa2 18. f4 Bc3 19. Nc7+ Kd8 20. Nxa8 Qxa8
21. Qd6 Bb7 22. Qb6+ 1-0

[Event "chess.com SpeedChess Q2Sw"]
[Site "chess.com INT"]
[Date "2022.11.12"]
[Round "10"]
[White "Tabatabaei, M."]
[Black "Samsonkin, Artiom"]
[Result "0-1"]
[WhiteElo "2655"]
[BlackElo "2421"]
[PlyCount "110"]
[EventDate "2022.11.12"]
[EventType "swiss (blitz)"]
[EventRounds "14"]
[EventCountry "NET"]
[Source "Mark Crowther"]
[SourceDate "2022.11.14"]

1. d4 Nf6 2. Nf3 e6 3. c3 b6 4. Bf4 Bb7 5. h3 g6 6. e3 Bg7 7. Be2 O-O 8. O-O d6
9. a4 Nbd7 10. Bh2 a6 11. Nbd2 Qe7 12. Re1 e5 13. Nc4 e4 14. Nfd2 d5 15. Ne5 c5
16. a5 cxd4 17. cxd4 Nxe5 18. Bxe5 Nd7 19. Bxg7 Kxg7 20. Qb3 b5 21. Rac1 Rfc8
22. Nb1 Qd8 23. Nc3 Qxa5 24. Nxd5 Rxc1 25. Rxc1 Qd2 26. Rc7 Qxe2 27. Rxd7 Bxd5
28. Qxd5 Rf8 29. b3 a5 30. Qxe4 Qd1+ 31. Kh2 Qxb3 32. d5 a4 33. d6 a3 34. Qd4+
Kg8 35. Rc7 Qb2 36. d7 Qxd4 37. exd4 a2 38. Rc8 a1=Q 39. Rxf8+ Kxf8 40. d8=Q+
Kg7 41. Qd6 Qb2 42. Qe5+ Kg8 43. f4 b4 44. f5 gxf5 45. Qe8+ Kg7 46. d5 Qd4 47.
Qd7 Qf4+ 48. Kg1 b3 49. Qb5 Qd4+ 50. Kh2 b2 51. d6 Qf4+ 52. Kg1 Qc1+ 53. Kh2
b1=Q 54. Qe5+ Kg6 55. Qg3+ Qg5 0-1

[Event "chess.com SpeedChess Q2Sw"]
[Site "chess.com INT"]
[Date "2022.11.12"]
[Round "11"]
[White "Samsonkin, Artiom"]
[Black "Sevian, Samuel"]
[Result "0-1"]
[WhiteElo "2421"]
[BlackElo "2687"]
[PlyCount "66"]
[EventDate "2022.11.12"]
[EventType "swiss (blitz)"]
[EventRounds "14"]
[EventCountry "NET"]
[Source "Mark Crowther"]
[SourceDate "2022.11.14"]

1. e4 e5 2. Nf3 Nf6 3. Nc3 Nc6 4. Bb5 Bd6 5. d3 O-O 6. Bxc6 dxc6 7. Bg5 Re8 8.
O-O h6 9. Bh4 a5 10. h3 a4 11. a3 b5 12. d4 exd4 13. Qxd4 c5 14. Qd3 Ba6 15.
Bxf6 Qxf6 16. Nxb5 c4 17. Qd5 c3 18. e5 Bxe5 19. Nxe5 cxb2 20. Rab1 Qxe5 21.
Qxe5 Rxe5 22. Nxc7 Bxf1 23. Nxa8 Bc4 24. Rxb2 Re1+ 25. Kh2 Re2 26. Kg3 Bb3 27.
Nb6 g5 28. Nd7 Kg7 29. Nc5 Rxc2 30. Rb1 Rxc5 31. f3 Rc3 32. Re1 Rc2 33. Re5 Ra2
0-1

[Event "chess.com SpeedChess Q2Sw"]
[Site "chess.com INT"]
[Date "2022.11.12"]
[Round "12"]
[White "Samsonkin, Artiom"]
[Black "Oparin, G."]
[Result "0-1"]
[WhiteElo "2421"]
[BlackElo "2683"]
[PlyCount "74"]
[EventDate "2022.11.12"]
[EventType "swiss (blitz)"]
[EventRounds "14"]
[EventCountry "NET"]
[Source "Mark Crowther"]
[SourceDate "2022.11.14"]

1. e4 c6 2. d4 d5 3. e5 c5 4. dxc5 e6 5. a3 Bxc5 6. Bd3 Ne7 7. Nf3 Ng6 8. O-O
Nc6 9. b4 Bb6 10. Bb2 Nf4 11. c4 Bc7 12. g3 dxc4 13. Bxc4 Qxd1 14. Rxd1 Ng6 15.
Re1 O-O 16. Nbd2 Bd7 17. Nb3 b6 18. b5 Na5 19. Nxa5 bxa5 20. Rad1 Rfd8 21. a4
Rac8 22. Bb3 Bb6 23. h4 h6 24. h5 Ne7 25. Bd4 Nd5 26. Rc1 Nb4 27. Bxb6 axb6 28.
Rxc8 Bxc8 29. Rd1 Rxd1+ 30. Bxd1 Nd3 31. Nd2 Nxe5 32. f4 Nd7 33. Nc4 Bb7 34.
Kf2 Bd5 35. Ne3 Kf8 36. Bf3 Bb3 37. Bc6 Nc5 0-1